Veda, výskum, inovácie zborník zo sympózia s medzinárodnou účasťou

Uložené v:
Podrobná bibliografia
Korporácia: Veda, výskum, inovácie. Sympózium s medzinárodnou účasťou usporiadaného pri príležitosti Týždňa vedy Európskej únie pod záštitou rektora Ekonomickej univerzity Bratislava prof. Ing. Vojtecha Kollára, PhD, Ekonomická univerzita v Bratislave. Podnikovohospodárska fakulta so sídlom v Košiciach
Médium: Kniha
Jazyk:Slovak
Czech
English
Vydavateľské údaje: Košice Podnikovohospodárska fakulta EU [2005]
Predmet:
Tagy: Pridať tag
Žiadne tagy, Buďte prvý, kto otaguje tento záznam!

MARC

LEADER 00000nlm$a2200000$$$4500
001 0041767
005 20240104133809.0
020 |a 80-225-2146-9 
041 0 |a slo 
041 0 |a cze 
041 0 |a eng 
044 |a SK 
245 1 0 |a Veda, výskum, inovácie  |b zborník zo sympózia s medzinárodnou účasťou 
264 1 |a Košice  |b Podnikovohospodárska fakulta EU  |c [2005] 
300 |a CD-ROM 
610 2 0 |a veda 
610 2 0 |a výskum 
610 2 0 |a univerzity 
610 2 0 |a inovácia 
610 2 0 |a riadenie podnikové 
610 2 0 |a stratégia podniková 
110 2 |a Veda, výskum, inovácie. Sympózium s medzinárodnou účasťou usporiadaného pri príležitosti Týždňa vedy Európskej únie pod záštitou rektora Ekonomickej univerzity Bratislava prof. Ing. Vojtecha Kollára, PhD. 
710 2 |a Ekonomická univerzita v Bratislave. Podnikovohospodárska fakulta so sídlom v Košiciach